000 00589nam a22001937a 4500
999 _c2795
_d2795
003 AR-CdUCM
008 190305b ||||| |||| 00| 0 spa d
040 _aMUNICIPALIDAD PROVINCIAL DEL CUSCO
_cBIBLIOTECA MUNICIPAL DEL CUSCO
082 _a869.26 /
_bB24
100 _aBarletta, Leónidas
_99732
245 _aCuentos del Hombre que daba de comer a su Sombra /
260 _aBuenos Aires :
_bFuturo ;
_c1957.
300 _a157 páginas ;
_c20cm
505 _aNovela
650 _aLiteratura argentina
_984
650 _aLiteratura siglo XX
_91173
942 _2ddc
_cLIBROS
945 _anom